[Event "Michigan Junior Invitational"]
[Site "Ann Arbor, MI"]
[Date "1998.??.??"]
[Round "?"]
[White "Hartwig, Thomas"]
[Black "Solon, Nathan"]
[Result "1-0"]
[WhiteElo "2025"]
[BlackElo "1875"]
[PlyCount "45"]
[EventDate "1998.??.??"]

{6/27} 1. e4 c5 2. Nf3 d6 3. d4 cxd4 4. Nxd4 Nf6 5. Nc3 g6 6. Be3 Bg7 7. Be2
O-O 8. O-O Nc6 9. f4 Qb6 10. Qd3 Qxb2 11. Rab1 Qa3 12. Nxc6 bxc6 13. Nd5 Qxd3
14. Nxe7+ Kh8 15. cxd3 Bd7 16. e5 Rae8 17. exd6 Nd5 18. Bxa7 Ra8 19. Bc5 Rxa2
20. Nxd5 cxd5 21. Bf3 Bf5 22. d7 Rg8 23. Bxd5 1-0

[Event "Lansing Mini-Swiss.1"]
[Site "Lansing, MI"]
[Date "1998.??.??"]
[Round "?"]
[White "Hartwig, Thomas"]
[Black "Pirochta, T."]
[Result "1-0"]
[WhiteElo "2080"]
[BlackElo "1800"]
[PlyCount "77"]
[EventDate "1998.??.??"]

1. e4 c5 2. Nf3 Nc6 3. d4 cxd4 4. Nxd4 Nf6 5. Nc3 e6 6. Ndb5 d6 7. Bf4 e5 8.
Bg5 a6 9. Na3 Be7 10. Bxf6 gxf6 11. Nc4 Be6 12. Nd5 Bxd5 13. Qxd5 Nb4 14. Qd2
d5 15. exd5 Qxd5 16. Qxd5 Nxd5 17. O-O-O O-O-O 18. Rxd5 Kc7 19. Ne3 Rhg8 20.
Bc4 Rxd5 21. Nxd5+ Kd8 22. Nxe7 Kxe7 23. g3 Rd8 24. Rd1 Rxd1+ 25. Kxd1 f5 26.
a4 a5 27. c3 f6 28. Bd5 b6 29. b4 Kd6 30. Bg8 h6 31. Kd2 f4 32. gxf4 exf4 33.
Kd3 Ke5 34. Kc4 Kd6 35. Kb5 axb4 36. cxb4 Kc7 37. Bd5 h5 38. h4 f5 39. Bf3 1-0

[Event "Michigan Open"]
[Site "Flint, MI"]
[Date "1998.??.??"]
[Round "?"]
[White "Hartwig, Thomas"]
[Black "O'Donnell, Robert"]
[Result "1/2-1/2"]
[WhiteElo "2015"]
[BlackElo "2200"]
[PlyCount "108"]
[EventDate "1998.09.??"]

{9/5} 1. e4 c5 2. Nf3 Nc6 3. d4 cxd4 4. Nxd4 Nf6 5. Nc3 d6 6. Bg5 e6 7. Qd2 Be7
8. O-O-O O-O 9. f4 Nxd4 10. Qxd4 Qa5 11. Bc4 Bd7 12. e5 dxe5 13. fxe5 Bc6 14.
Bd2 Nd7 15. Nd5 Qd8 16. Nxe7+ Qxe7 17. Bd3 Nc5 18. Bb4 Nxd3+ 19. Rxd3 Qg5+ 20.
Qe3 Qxe3+ 21. Rxe3 Rfc8 22. Rg1 a5 23. Be7 Bd5 24. b3 b5 25. Kb2 Ra7 26. Bd6
Ra6 27. Rc3 Rxc3 28. Kxc3 f5 29. Kd4 b4 30. g3 g5 31. a3 a4 32. axb4 axb3 33.
c4 Be4 34. Kc3 Ra2 35. Kxb3 Rxh2 36. b5 f4 37. gxf4 h6 38. fxg5 hxg5 39. Rxg5+
Kf7 40. c5 Rh1 41. Kb4 Bd3 42. b6 Rb1+ 43. Kc3 Be4 44. Rg4 Bd5 45. Rh4 Ke8 46.
Bc7 Rb3+ 47. Kc2 Kd7 48. Rd4 Rb5 49. Rxd5+ exd5 50. Bd6 Kc6 51. e6 Rb4 52. e7
Re4 53. Kd3 Kb7 54. Kd2 Kc6 1/2-1/2

[Event "Michigan Masters/Experts"]
[Site "Grand Rapids, MI"]
[Date "1998.??.??"]
[Round "?"]
[White "Hartwig, Thomas"]
[Black "Jarosz, Stan"]
[Result "1-0"]
[WhiteElo "2040"]
[BlackElo "2075"]
[PlyCount "71"]
[EventDate "1998.01.??"]

1. e4 e6 2. d4 d5 3. Nc3 Bb4 4. e5 c5 5. a3 Bxc3+ 6. bxc3 Ne7 7. Qg4 Qc7 8. Bd3
cxd4 9. Ne2 Nbc6 10. cxd4 Bd7 11. O-O g6 12. c3 O-O-O 13. a4 Nf5 14. Bg5 Rde8
15. Rfb1 h5 16. Qf4 Na5 17. Qd2 Nc4 18. Qa2 a5 19. Nc1 h4 20. Bf6 Rhg8 21. Bg5
Rh8 22. Be2 h3 23. g3 Qc6 24. Nd3 Ref8 25. Nc5 b6 26. Qb3 Kc7 27. Bxc4 bxc5 28.
Bb5 Qb6 29. Bxd7 Qxb3 30. Rxb3 Kxd7 31. g4 Nh4 32. Bf6 Nf3+ 33. Kh1 Rhg8 34.
Rb7+ Kc6 35. Rab1 cxd4 36. Be7 1-0

[Event "Michigan Masters/Experts"]
[Site "Grand Rapids, MI"]
[Date "1998.??.??"]
[Round "?"]
[White "Hartwig, Thomas"]
[Black "Hahn, David"]
[Result "0-1"]
[WhiteElo "2040"]
[BlackElo "2215"]
[PlyCount "76"]
[EventDate "1998.01.??"]

1. e4 d6 2. d4 Nf6 3. Nc3 g6 4. Nf3 Bg7 5. Be2 O-O 6. Be3 a6 7. Qd2 b5 8. a3
Bb7 9. Ng5 e5 10. d5 c5 11. dxc6 Nxc6 12. h4 Nd4 13. h5 Qe7 14. Bd3 Rac8 15. a4
b4 16. Ne2 d5 17. Ng3 dxe4 18. N5xe4 Nxe4 19. Nxe4 Rfd8 20. Bxd4 Bxe4 21. Bb6
Rd6 22. Qxb4 Bxd3 23. cxd3 Qd7 24. hxg6 Rxg6 25. O-O Qc6 26. Qe4 Qxe4 27. dxe4
Rxb6 28. Rac1 Rxc1 29. Rxc1 Rxb2 30. Rc6 Rb4 31. Rxa6 Rxe4 32. Ra8+ Bf8 33. a5
Kg7 34. a6 Ra4 35. Kf1 Ra2 36. Ke1 Bc5 37. Kd1 Rxf2 38. Kc1 Rxg2 0-1

[Event "Michigan Open"]
[Site "Flint, MI"]
[Date "1998.??.??"]
[Round "?"]
[White "Hartwig, Thomas"]
[Black "Fischvogt, Eric"]
[Result "1/2-1/2"]
[WhiteElo "2015"]
[BlackElo "2220"]
[PlyCount "93"]
[EventDate "1998.09.??"]

{9/7} 1. e4 e6 2. d4 d5 3. Nc3 Nf6 4. e5 Nfd7 5. f4 c5 6. Nf3 Nc6 7. Be3 a6 8.
Qd2 b5 9. Be2 b4 10. Nd1 cxd4 11. Nxd4 Nxd4 12. Bxd4 a5 13. O-O Bc5 14. Bxc5
Nxc5 15. Nf2 Ba6 16. Bxa6 Rxa6 17. a3 bxa3 18. Rxa3 Qb6 19. Qd4 O-O 20. Nd3
Nxd3 21. Rxd3 Qxd4+ 22. Rxd4 Rb6 23. b3 Rc8 24. c4 dxc4 25. Rxc4 Rd8 26. Ra4
Rxb3 27. Rxa5 g6 28. Ra2 h5 29. g3 Kg7 30. Rc1 Rd7 31. Kg2 g5 32. fxg5 Re3 33.
Rc4 Rxe5 34. h4 Re3 35. g4 hxg4 36. Rxg4 Kg6 37. Rf2 Kh5 38. Rgf4 Rdd3 39. Rxf7
Kxh4 40. R7f3 Rxf3 41. Rxf3 Rd2+ 42. Rf2 Rd5 43. Kf3 Rf5+ 44. Ke3 Rxf2 45. Kxf2
Kxg5 46. Ke3 Kf5 47. Kf3 1/2-1/2

[Event "Michigan Junior Invitational"]
[Site "Ann Arbor, MI"]
[Date "1998.??.??"]
[Round "?"]
[White "Hartwig, Thomas"]
[Black "Ashton, Jeff"]
[Result "0-1"]
[WhiteElo "2025"]
[BlackElo "2155"]
[PlyCount "58"]
[EventDate "1998.??.??"]

{6/27} 1. e4 c5 2. Nf3 Nc6 3. d4 cxd4 4. Nxd4 Nf6 5. Nc3 d6 6. Bg5 e6 7. Qd2
Be7 8. O-O-O O-O 9. f4 Nxd4 10. Qxd4 Qa5 11. Bc4 Bd7 12. e5 dxe5 13. fxe5 Bc6
14. Bd2 Nd7 15. Rhe1 Qc7 16. Nb5 Bxb5 17. Bxb5 Rfc8 18. Bc3 Nf8 19. Bd3 a5 20.
Kb1 a4 21. Re3 Bc5 22. Qf4 Bxe3 23. Qxe3 a3 24. Qe4 axb2 25. Bb4 Ng6 26. Re1
Rd8 27. Re3 Rd5 28. Bd6 Qb6 29. Rh3 Rxa2 0-1

[Event "Michigan Open"]
[Site "Flint, MI"]
[Date "1998.??.??"]
[Round "?"]
[White "Hartwig, Thomas"]
[Black "Andrews, Steve"]
[Result "1-0"]
[WhiteElo "2015"]
[BlackElo "2225"]
[PlyCount "73"]
[EventDate "1998.09.??"]

{9/6} 1. e4 Nf6 2. e5 Nd5 3. d4 d6 4. c4 Nb6 5. exd6 cxd6 6. d5 e5 7. dxe6 Bxe6
8. Na3 Be7 9. Nf3 Nc6 10. Be3 O-O 11. Be2 d5 12. c5 Nd7 13. Rc1 Rc8 14. O-O a6
15. Qd2 a5 16. Nb5 Nf6 17. Bd3 Nb4 18. a3 Nxd3 19. Qxd3 a4 20. Na7 Ra8 21. c6
bxc6 22. Nxc6 Qe8 23. Nxe7+ Qxe7 24. Bc5 Qb7 25. Bxf8 Rxf8 26. Qd4 Rb8 27. Ne5
h6 28. Nd3 Bf5 29. Nc5 Qxb2 30. Qxb2 Rxb2 31. Nxa4 Rb3 32. Rc3 Rb5 33. Rd1 d4
34. Rc5 Rb1 35. Rxb1 Bxb1 36. Rc8+ Kh7 37. Rd8 1-0

[Event "U.S. Amateur North"]
[Site "Detroit, MI"]
[Date "1998.??.??"]
[Round "?"]
[White "Harlan, K."]
[Black "Young, Corneil"]
[Result "1-0"]
[WhiteElo "1725"]
[BlackElo "1605"]
[PlyCount "105"]
[EventDate "1998.05.??"]

{5/23} 1. e4 e5 2. Nf3 d6 3. d4 exd4 4. Nxd4 Nf6 5. Bd3 Bg4 6. f3 Bd7 7. Nc3
Nc6 8. Be3 Ne5 9. O-O Nxd3 10. Qxd3 Be7 11. Nd5 Nxd5 12. exd5 O-O 13. Rfe1 Bg5
14. Bf2 Bh4 15. Re2 Bxf2+ 16. Kxf2 Qg5 17. c4 Rfe8 18. Rae1 Rxe2+ 19. Rxe2 Re8
20. Rxe8+ Bxe8 21. Qe3 Qd8 22. Nf5 Bd7 23. Ng3 b6 24. Qd4 Qg5 25. Qe3 Qxe3+ 26.
Kxe3 b5 27. Kd4 f5 28. cxb5 g6 29. a4 h5 30. Kc4 Kf7 31. Ne2 g5 32. Nd4 Bc8 33.
a5 a6 34. Ne6 axb5+ 35. Kxb5 c5 36. a6 g4 37. Kb6 Bxa6 38. Kxa6 Kf6 39. f4 h4
40. Kb6 Kf7 41. Kc6 Ke7 42. Kc7 h3 43. g3 c4 44. Nd4 Ke8 45. Kxd6 Kd8 46. Nxf5
Kc8 47. Ke7 Kc7 48. d6+ Kc6 49. d7 Kc5 50. d8=Q Kb4 51. Qb6+ Ka4 52. Nd4 c3 53.
Qb5# 1-0

[Event "U.S. Amateur North"]
[Site "Detroit, MI"]
[Date "1998.??.??"]
[Round "?"]
[White "Harlan, K."]
[Black "Bezrutch, B."]
[Result "1-0"]
[WhiteElo "1725"]
[BlackElo "1605"]
[PlyCount "89"]
[EventDate "1998.05.??"]

{5/24} 1. e4 e5 2. Nf3 Nc6 3. Bb5 a6 4. Ba4 Nf6 5. O-O b5 6. Bb3 Be7 7. Re1 O-O
8. c3 Bb7 9. d4 exd4 10. cxd4 d5 11. e5 Ne4 12. Nc3 Nxc3 13. bxc3 Na5 14. Bc2
Nc4 15. Qd3 g6 16. Bh6 Re8 17. a4 Bc8 18. axb5 Bf5 19. Qe2 Bxc2 20. Qxc2 axb5
21. Nd2 Nb6 22. f4 f5 23. exf6 Bxf6 24. Nf3 Rxa1 25. Rxa1 Re4 26. Ne5 Bg7 27.
Bxg7 Kxg7 28. Rf1 Qf8 29. Nd3 Nc4 30. Nc5 Ne3 31. Qxe4 dxe4 32. Ne6+ Kf7 33.
Nxf8 Kxf8 34. Re1 Nd5 35. Rxe4 Nxc3 36. Re3 b4 37. Kf1 Kf7 38. Ke1 Kf6 39. g4
h5 40. h3 g5 41. f5 hxg4 42. hxg4 Nd5 43. Re5 c6 44. Rxd5 cxd5 45. Kd2 1-0

[Event "Kalamazoo Mini-Swiss.2"]
[Site "Kalamazoo, MI"]
[Date "1998.??.??"]
[Round "?"]
[White "Hanson, Eric"]
[Black "Varner, W."]
[Result "1-0"]
[WhiteElo "1605"]
[BlackElo "1605"]
[PlyCount "103"]
[EventDate "1998.??.??"]

1. d4 d5 2. Nf3 b6 3. e3 e6 4. c4 Ba6 5. Nbd2 Bb4 6. a3 Bxd2+ 7. Nxd2 Nc6 8. b3
Qf6 9. Bb2 Nge7 10. Rc1 e5 11. Be2 Nf5 12. cxd5 Bxe2 13. Qxe2 exd4 14. Rxc6 Qe5
15. Bxd4 Qxd5 16. Rxc7 O-O 17. O-O Nxd4 18. Qc4 Rfd8 19. Qxd5 Rxd5 20. exd4
Rxd4 21. Nf3 Rd3 22. Rb1 Rad8 23. h3 h6 24. Rxa7 R8d6 25. Ne5 Rc3 26. Nxf7 Rdd3
27. Ne5 Rxb3 28. Nxd3 Rxb1+ 29. Kh2 Rd1 30. Nb4 b5 31. Ra5 Ra1 32. g4 Kh7 33.
Kg3 Kg6 34. Nd5 h5 35. Rxb5 Rxa3+ 36. f3 h4+ 37. Kxh4 Rxf3 38. Ne7+ Kf6 39. Nf5
g6 40. g5+ Kf7 41. Kg4 Rxf5 42. Rxf5+ gxf5+ 43. Kxf5 Kg7 44. h4 Kf7 45. h5 Kg7
46. h6+ Kh7 47. Kf6 Kh8 48. g6 Kg8 49. h7+ Kh8 50. g7+ Kxh7 51. Kf7 Kh6 52.
g8=Q 1-0

[Event "Kalamazoo Mini-Swiss.2"]
[Site "Kalamazoo, MI"]
[Date "1998.??.??"]
[Round "?"]
[White "Hanson, Eric"]
[Black "Higgins, Richard"]
[Result "0-1"]
[WhiteElo "1605"]
[BlackElo "1605"]
[PlyCount "78"]
[EventDate "1998.??.??"]

1. d4 d5 2. Nf3 Nc6 3. e3 Bg4 4. c4 e5 5. Qb3 Bxf3 6. gxf3 Bb4+ 7. Bd2 a5 8.
cxd5 Bxd2+ 9. Nxd2 Nb4 10. Bb5+ c6 11. dxc6 bxc6 12. Bc4 Qe7 13. dxe5 Nh6 14.
Ne4 Qxe5 15. O-O-O O-O 16. Nd6 Rab8 17. Rd2 Qc5 18. Rhd1 Nd5 19. Nb7 Rxb7 20.
Qd3 Nb4 21. Qb3 a4 22. Qxa4 Qxc4+ 23. Kb1 Qb5 24. Qb3 Rfb8 25. e4 Na6 26. Qc3
c5 27. Rd5 Qb4 28. Qc2 f6 29. h3 Qa5 30. e5 Nb4 31. Qe4 Qxa2+ 32. Kc1 Nxd5 33.
Rd2 Qa1+ 34. Qb1 Qxb1+ 35. Kxb1 Rd8 36. Rc2 Nb4 37. Rxc5 Rd1+ 38. Rc1 Rxc1+ 39.
Kxc1 fxe5 0-1

[Event "Michigan Open Reserve"]
[Site "Flint, MI"]
[Date "1998.??.??"]
[Round "?"]
[White "Haney, Mark"]
[Black "Smeckert, Dennis"]
[Result "1-0"]
[WhiteElo "1605"]
[BlackElo "1605"]
[PlyCount "89"]
[EventDate "1998.09.??"]

1. e4 e5 2. Nf3 Nc6 3. Bb5 Nd4 4. Bc4 Bc5 5. c3 Nxf3+ 6. Qxf3 Qf6 7. Qe2 d6 8.
d3 Ne7 9. Be3 Bb6 10. Nd2 Ng6 11. g3 Be6 12. h4 Bxc4 13. Nxc4 Qe6 14. Nxb6 axb6
15. b3 h6 16. c4 c5 17. h5 Ne7 18. g4 Kd7 19. f4 exf4 20. Bxf4 Qf6 21. O-O g5
22. Bg3 Qe6 23. Rae1 f6 24. a4 Nc6 25. Bf2 Rhf8 26. Be3 Ne5 27. Rf5 b5 28. axb5
Ra3 29. d4 cxd4 30. Bxd4 Rxb3 31. Bxe5 fxe5 32. Rxf8 Rg3+ 33. Kh2 Rxg4 34. Ref1
Rh4+ 35. Kg2 Qh3+ 36. Kf2 g4 37. Ke1 Qg3+ 38. Kd1 Rh2 39. R8f2 Rxf2 40. Rxf2
Qb3+ 41. Qc2 Qe3 42. c5 g3 43. c6+ bxc6 44. Qxc6+ Ke7 45. Qc7+ 1-0

[Event "Michigan Open"]
[Site "Flint, MI"]
[Date "1998.??.??"]
[Round "?"]
[White "Hamilton, Z."]
[Black "Rosenberg, Steve"]
[Result "0-1"]
[WhiteElo "1605"]
[BlackElo "1930"]
[PlyCount "100"]
[EventDate "1998.09.??"]

{9/6} 1. d4 Nf6 2. c4 e5 3. Nf3 d6 4. Bg5 exd4 5. Nxd4 Be7 6. Nc3 Nbd7 7. e3
O-O 8. Bd3 Ne5 9. Bc2 Bg4 10. Qd2 Nxc4 11. Qc1 d5 12. O-O c6 13. h3 Bh5 14. Nf5
Bg6 15. Nxe7+ Qxe7 16. Re1 Bxc2 17. Qxc2 h6 18. Bh4 Qe6 19. e4 d4 20. Na4 Nd7
21. b3 Ncb6 22. Nxb6 axb6 23. Rad1 c5 24. f4 f6 25. Bg3 g5 26. e5 fxe5 27. fxg5
hxg5 28. Re4 Qf5 29. Qc4+ Kg7 30. Rg4 Kh6 31. Qc1 Nf6 32. Rf1 Qxf1+ 33. Qxf1
Nxg4 34. Qe2 Ne3 35. Bxe5 Rf1+ 36. Kh2 Raf8 37. Bg3 R1f5 38. a3 Nf1+ 39. Kg1
Nxg3 40. Qe6+ R5f6 41. Qg4 Nf5 42. Qe4 Nh4 43. Qxb7 Rf1+ 44. Kh2 R1f2 45. Qxb6+
R8f6 46. Qb5 Nxg2 47. Kg1 Ne3 48. a4 Rf1+ 49. Kh2 R6f2+ 50. Kg3 Rg2# 0-1

[Event "Michigan Open"]
[Site "Flint, MI"]
[Date "1998.??.??"]
[Round "?"]
[White "Hamilton, Z."]
[Black "Chehayeb, Sal"]
[Result "0-1"]
[WhiteElo "1605"]
[BlackElo "1950"]
[PlyCount "68"]
[EventDate "1998.09.??"]

{9/6} 1. d4 Nf6 2. Nc3 c5 3. e4 cxd4 4. Qxd4 Nc6 5. Qd1 d6 6. Nf3 g6 7. Bg5 Bg7
8. Qd2 h6 9. Be3 Ng4 10. Bc4 Nxe3 11. fxe3 O-O 12. O-O a6 13. Nh4 Ne5 14. Bb3
b5 15. Rf2 e6 16. Nf3 Ng4 17. Rff1 Qb6 18. Rae1 Bb7 19. h3 Ne5 20. Nxe5 Bxe5
21. Rf3 a5 22. a3 a4 23. Ba2 b4 24. Ne2 Bxe4 25. Rf2 Rac8 26. Rc1 Bxb2 27. Rb1
Rxc2 28. Qd1 b3 29. Nd4 Bxd4 30. exd4 Rxf2 31. Kxf2 Bxb1 32. Bxb1 e5 33. g4
Qxd4+ 34. Kg2 Qxd1 0-1

[Event "Lansing Mini-Swiss.2"]
[Site "Lansing, MI"]
[Date "1998.??.??"]
[Round "?"]
[White "Hall, David"]
[Black "Reist, Douglas"]
[Result "1-0"]
[WhiteElo "1605"]
[BlackElo "1605"]
[PlyCount "115"]
[EventDate "1998.??.??"]

1. e4 c5 2. Nc3 d6 3. d3 e6 4. g3 b6 5. Nge2 Nf6 6. Bg2 Bb7 7. O-O Be7 8. Be3
O-O 9. Qd2 Ng4 10. Nd1 Nc6 11. h3 Nge5 12. f4 Nd7 13. Ndc3 a6 14. Kh2 Qc7 15.
Ng1 b5 16. a3 Nf6 17. Nf3 d5 18. exd5 exd5 19. d4 c4 20. Ne5 b4 21. Nxd5 Nxd5
22. Bxd5 Nxe5 23. Bxb7 Qxb7 24. fxe5 a5 25. axb4 Bxb4 26. c3 Be7 27. Ra4 Rfc8
28. Qe2 Qc6 29. Rfa1 Qc7 30. Bf4 Qc6 31. Qg2 Qxg2+ 32. Kxg2 Bd8 33. Kf3 Rcb8
34. Rb1 Rc8 35. Ke4 Ra6 36. Kd5 Rac6 37. h4 Kf8 38. Bg5 f6 39. exf6 Bxf6 40.
Rf1 Ke7 41. Bxf6+ gxf6 42. Rxa5 Rd6+ 43. Ke4 Re6+ 44. Kf3 Rc7 45. Kf2 Kd7 46.
Re1 Rxe1 47. Kxe1 Rb7 48. Ra2 Ke6 49. Ke2 Kf5 50. Kf3 h5 51. Ra4 Rc7 52. Rb4
Rc8 53. b3 cxb3 54. Rxb3 Rc4 55. Rb5+ Ke6 56. Rc5 Rxc5 57. dxc5 Kd5 58. g4 1-0

[Event "Lansing Mini-Swiss.2"]
[Site "Lansing, MI"]
[Date "1998.??.??"]
[Round "?"]
[White "Hall, David"]
[Black "Griffin, John"]
[Result "0-1"]
[WhiteElo "1605"]
[BlackElo "1605"]
[PlyCount "120"]
[EventDate "1998.??.??"]

1. e4 c5 2. Nc3 e6 3. g3 Nc6 4. Bg2 g6 5. d3 Nge7 6. Nge2 Bg7 7. Rb1 Nd4 8. O-O
Nec6 9. a3 Rb8 10. Be3 d6 11. f4 O-O 12. Qd2 Nxe2+ 13. Nxe2 Nd4 14. Rf2 b5 15.
b4 a6 16. c3 Nxe2+ 17. Rxe2 cxb4 18. cxb4 Bb7 19. d4 Rc8 20. Rc1 Rc7 21. Qd3
Qb8 22. Rec2 Rfc8 23. d5 exd5 24. exd5 Rxc2 25. Rxc2 Rc7 26. Be4 Qc8 27. Rxc7
Qxc7 28. Qb3 a5 29. Bd2 Bd4+ 30. Kg2 f5 31. Bf3 a4 32. Qd3 Qc4 33. Qxc4 bxc4
34. Bc1 Ba1 35. Kf2 Bd4+ 36. Ke2 Ba6 37. Kd2 Bg1 38. h3 Bh2 39. Kc3 Bxg3 40.
Be2 Kf7 41. Bxc4 Be1+ 42. Kd3 Bb7 43. Bd2 Bh4 44. b5 h6 45. b6 g5 46. fxg5 hxg5
47. Ke3 g4 48. hxg4 fxg4 49. Bd3 Bxd5 50. Be4 Bf2+ 51. Kd3 Bxe4+ 52. Kxe4 Bxb6
53. Kf4 Bc5 54. Bc1 Ke6 55. Kxg4 Kd5 56. Kf3 Kc4 57. Ke2 Kb3 58. Kd3 Bxa3 59.
Bxa3 Kxa3 60. Kc3 Ka2 0-1

[Event "Michigan Open"]
[Site "Flint, MI"]
[Date "1998.??.??"]
[Round "?"]
[White "Hahn, David"]
[Black "Spooner, Frank"]
[Result "1-0"]
[WhiteElo "2175"]
[BlackElo "1795"]
[PlyCount "113"]
[EventDate "1998.09.??"]

{9/5} 1. c4 Nf6 2. Nc3 c6 3. e4 d6 4. d4 Nbd7 5. Nf3 Qc7 6. Be2 e5 7. O-O Be7
8. Rb1 a5 9. d5 Nc5 10. Nd2 O-O 11. b3 Re8 12. a3 cxd5 13. cxd5 Bd7 14. Bb2 Qb8
15. a4 Rf8 16. Kh1 Qe8 17. Ba3 b6 18. Bxc5 bxc5 19. Bb5 Qb8 20. Qe2 Qc7 21. Nc4
Rfb8 22. f4 Bg4 23. Qd3 exf4 24. Rxf4 Bh5 25. Bc6 Ra6 26. Ne3 Rxc6 27. dxc6
Qxc6 28. Ncd5 Bd8 29. Rbf1 Nd7 30. Nf5 Kh8 31. Qg3 Bg6 32. Nfe7 Bxe7 33. Nxe7
Qa8 34. Rxf7 Ne5 35. Nxg6+ Nxg6 36. Qxd6 Rg8 37. Qxc5 Qxe4 38. Qf5 Qb4 39. Qf2
Qxb3 40. Ra7 Qxa4 41. Qb2 Qe8 42. Rxa5 Nf4 43. Rfa1 Qc6 44. Qf2 Qe4 45. Qa2 Qe6
46. Ra8 Qxa2 47. R1xa2 h6 48. g3 Nd5 49. Kg2 Rxa8 50. Rxa8+ Kh7 51. Kf3 Nf6 52.
Kf4 h5 53. Kg5 Ng4 54. Kxh5 Nxh2 55. Rf8 g6+ 56. Kg5 Kg7 57. Rf2 1-0

[Event "Michigan Open"]
[Site "Flint, MI"]
[Date "1998.??.??"]
[Round "?"]
[White "Hahn, David"]
[Black "Skidmore, Mike"]
[Result "1-0"]
[WhiteElo "2175"]
[BlackElo "1895"]
[PlyCount "65"]
[EventDate "1998.09.??"]

{9/5} 1. c4 c6 2. e4 d5 3. cxd5 cxd5 4. exd5 Qxd5 5. Nc3 Qd8 6. d4 e6 7. Nf3
Nf6 8. Bd3 Be7 9. O-O O-O 10. Re1 a6 11. Bc2 b5 12. Qd3 Bb7 13. a3 Bxf3 14.
Qxf3 Nbd7 15. Bg5 Nb6 16. Qh3 g6 17. Bh6 Re8 18. Rad1 Nc4 19. Bc1 Rc8 20. Bb3
Qc7 21. d5 exd5 22. Bg5 Nxb2 23. Bxf6 Nxd1 24. Nxd5 Nxf2 25. Qh6 Nh3+ 26. Qxh3
Bc5+ 27. Kf1 Rxe1+ 28. Kxe1 Re8+ 29. Kd1 Qd6 30. Qh6 Qf8 31. Qf4 Bxa3 32. Bc3
Rd8 33. Qf6 1-0

[Event "Michigan Open"]
[Site "Flint, MI"]
[Date "1998.??.??"]
[Round "?"]
[White "Hahn, David"]
[Black "Roe, Philip"]
[Result "1-0"]
[WhiteElo "2175"]
[BlackElo "2045"]
[PlyCount "49"]
[EventDate "1998.09.??"]

{9/6} 1. c4 g6 2. Nc3 Bg7 3. d4 d6 4. e4 Nf6 5. f3 O-O 6. Bg5 c6 7. Qd2 a6 8.
Bd3 b5 9. Nge2 Nbd7 10. Rc1 b4 11. Nd1 c5 12. d5 Nb6 13. O-O e6 14. Ng3 exd5
15. exd5 Qc7 16. Bh6 Bd7 17. Nf2 Rae8 18. Rce1 Rxe1 19. Rxe1 Re8 20. Rxe8+ Bxe8
21. Bxg7 Kxg7 22. Nf5+ Kg8 23. Qh6 Nh5 24. g4 Bd7 25. Ne7+ 1-0

[Event "Michigan Invitational"]
[Site "Ann Arbor, MI"]
[Date "1998.??.??"]
[Round "?"]
[White "Hahn, David"]
[Black "Lin, A."]
[Result "1-0"]
[WhiteElo "2220"]
[BlackElo "2235"]
[PlyCount "109"]
[EventDate "1998.??.??"]

{6/28} 1. e4 Nc6 2. d4 d6 3. Nc3 Nf6 4. h3 g6 5. Nf3 Bg7 6. Be3 O-O 7. d5 Ne5
8. Nxe5 dxe5 9. Bc4 a6 10. a4 Qd6 11. Qd3 Bd7 12. O-O Nh5 13. Ne2 f5 14. exf5
gxf5 15. f4 e4 16. Qa3 Qxa3 17. Rxa3 Kh8 18. a5 Rfb8 19. Rb3 Nf6 20. Nd4 Ne8
21. Be2 Bf6 22. c4 c6 23. dxc6 bxc6 24. Rb6 e6 25. Rd1 Bd8 26. Rxb8 Rxb8 27.
Nxf5 Rb7 28. Ng3 Nf6 29. Bd4 Kg8 30. Bc3 Be7 31. b4 Be8 32. c5 Nd5 33. Be1 Nxf4
34. Bxa6 Ra7 35. Bc4 e3 36. Ne2 Nd5 37. Ng3 Bg6 38. Bd3 Rb7 39. Bxg6 hxg6 40.
Ne4 Kf7 41. g3 e5 42. a6 Rc7 43. b5 cxb5 44. Rxd5 Ke6 45. Rd3 Ra7 46. Ra3 Kd5
47. Nd6 Bxd6 48. cxd6 Kxd6 49. Kf1 Kc5 50. Ke2 b4 51. Ra5+ Kc4 52. Ra4 Kc5 53.
Kxe3 b3 54. Kd3 e4+ 55. Kc3 1-0

[Event "Michigan Invitational"]
[Site "Ann Arbor, MI"]
[Date "1998.??.??"]
[Round "?"]
[White "Hahn, David"]
[Black "Kamberi, Sonny"]
[Result "0-1"]
[WhiteElo "2220"]
[BlackElo "2270"]
[PlyCount "48"]
[EventDate "1998.??.??"]

{6/28} 1. d4 Nf6 2. c4 g6 3. Nc3 Bg7 4. e4 d6 5. f3 O-O 6. Bg5 a6 7. a4 Nc6 8.
Nge2 Nb4 9. Qd2 c5 10. d5 e6 11. Nc1 exd5 12. Nxd5 Nbxd5 13. cxd5 h6 14. Be3
Re8 15. Be2 b6 16. O-O Kh7 17. Na2 Bd7 18. Nc3 Qc7 19. Bc4 Qb7 20. Qd3 Reb8 21.
Bf4 Ne8 22. Rfe1 b5 23. axb5 axb5 24. Rxa8 Qxa8 0-1

[Event "Michigan Masters/Experts"]
[Site "Grand Rapids, MI"]
[Date "1998.??.??"]
[Round "?"]
[White "Hahn, David"]
[Black "Calton, Bill"]
[Result "0-1"]
[WhiteElo "2215"]
[BlackElo "2200"]
[PlyCount "78"]
[EventDate "1998.01.??"]

1. c4 e6 2. g3 f5 3. Bg2 Nf6 4. Nf3 Be7 5. O-O O-O 6. b3 d6 7. d4 Qe8 8. Nc3
Qh5 9. Ba3 Bd7 10. d5 Ne4 11. Rc1 Nxc3 12. Rxc3 Bf6 13. Rc1 e5 14. c5 dxc5 15.
Bxc5 Rd8 16. Ba3 Be6 17. Rxc7 Na6 18. Rc2 Rxd5 19. Rd2 Rad8 20. Rxd5 Rxd5 21.
Qc2 e4 22. Ne1 Ra5 23. Bc1 Rc5 24. Qd2 Rd5 25. Qc2 Nb4 26. Qc7 Nxa2 27. Nc2 Nc3
28. Ne3 Nxe2+ 29. Kh1 Rd8 30. g4 fxg4 31. Bxe4 Nxc1 32. Rxc1 Rc8 33. Qxc8+ Bxc8
34. Rxc8+ Kf7 35. Rc7+ Ke8 36. Rxb7 g3 37. Rb8+ Kd7 38. fxg3 Qe2 39. Rb7+ Kc8
0-1

[Event "Michigan Open"]
[Site "Flint, MI"]
[Date "1998.??.??"]
[Round "?"]
[White "Hahn, David"]
[Black "Ballicora, Miguel"]
[Result "1/2-1/2"]
[WhiteElo "2175"]
[BlackElo "2055"]
[PlyCount "84"]
[EventDate "1998.09.??"]

{9/7} 1. c4 e5 2. g3 Nc6 3. Bg2 g6 4. Nc3 Bg7 5. Rb1 Nge7 6. b4 d6 7. e3 Bf5 8.
d3 Qd7 9. b5 Nd8 10. e4 Be6 11. Nd5 O-O 12. Nxe7+ Qxe7 13. Ne2 Bd7 14. O-O Ne6
15. Be3 Nc5 16. Nc3 Be6 17. Qd2 Rab8 18. Rfe1 b6 19. d4 exd4 20. Bxd4 Bxd4 21.
Qxd4 f6 22. f4 Qf7 23. Nd5 Bxd5 24. cxd5 Rbe8 25. Rbd1 Qg7 26. Re2 Re7 27. Rde1
Rfe8 28. Qc4 Kh8 29. a4 f5 30. exf5 Rxe2 31. Rxe2 Rxe2 32. Qxe2 Qa1+ 33. Bf1
Qd4+ 34. Qf2 Qxd5 35. Qb2+ Kg8 36. fxg6 hxg6 37. Qf6 Kh7 38. Qh4+ Kg7 39. Qe7+
Kh6 40. Qf8+ Kh7 41. Qe7+ Kh6 42. Qf8+ Kh7 1/2-1/2

[Event "Lansing Mini-Swiss.3"]
[Site "Lansing, MI"]
[Date "1998.??.??"]
[Round "?"]
[White "Haddad, Wade"]
[Black "Spangler, Richard"]
[Result "0-1"]
[WhiteElo "1605"]
[BlackElo "1605"]
[PlyCount "104"]
[EventDate "1998.??.??"]

1. d4 e5 2. dxe5 Nc6 3. Nf3 Qe7 4. Bf4 Qb4+ 5. Nbd2 Qxf4 6. e3 Qb4 7. Bc4 d5 8.
exd6 Bxd6 9. Bxf7+ Kxf7 10. Ng5+ Ke7 11. O-O Qg4 12. Ndf3 Ne5 13. Nxe5 Qxd1 14.
Nc6+ bxc6 15. Raxd1 Nf6 16. Rfe1 h6 17. Nf3 Bg4 18. e4 Nd7 19. e5 Nxe5 20. Nxe5
Bxd1 21. Ng6+ Kf6 22. Nxh8 Rxh8 23. Rxd1 Rd8 24. g3 Re8 25. Rd2 Re1+ 26. Kg2
Ra1 27. a3 Ra2 28. c3 a5 29. Kf3 Bxa3 30. Rd7 Bd6 31. Rd8 Rxb2 32. Ra8 Ra2 33.
Ra6 c5 34. c4 Ke5 35. Ke3 Ra3+ 36. Kd2 Kd4 37. Ra8 Kxc4 38. Rg8 Be5 39. Rf8
Ra2+ 40. Ke1 a4 41. f4 Bc3+ 42. Kd1 Rxh2 43. Re8 a3 44. Re4+ Bd4 45. Re2 Rxe2
46. Kxe2 a2 47. f5 a1=Q 48. f6 Bxf6 49. g4 Qc3 50. g5 Qd3+ 51. Ke1 Kd4 52. gxf6
Ke3 0-1

[Event "Lansing Mini-Swiss.2"]
[Site "Lansing, MI"]
[Date "1998.??.??"]
[Round "?"]
[White "Haddad, Wade"]
[Black "Roth, Bruce"]
[Result "0-1"]
[WhiteElo "1605"]
[BlackElo "1605"]
[PlyCount "104"]
[EventDate "1998.??.??"]

1. d4 Nf6 2. c4 e6 3. Nc3 d5 4. Nf3 dxc4 5. e3 c5 6. Bxc4 a6 7. O-O Nc6 8. d5
exd5 9. Nxd5 Nxd5 10. Bxd5 Bd7 11. e4 Be7 12. Re1 O-O 13. Bf4 Rc8 14. Rc1 Be6
15. Bxe6 fxe6 16. Qxd8 Rcxd8 17. Bg5 b6 18. a3 h6 19. Be3 Nd4 20. Nd2 b5 21. f3
c4 22. Rc3 Rd7 23. Nxc4 bxc4 24. Rxc4 Rfd8 25. Kf2 e5 26. Rec1 g5 27. Ra4 Rd6
28. Rc7 Kf8 29. Ra7 Rb6 30. R7xa6 Rxb2+ 31. Kg3 Kg7 32. Ra7 Kf7 33. Rc4 Rb3 34.
Rcc7 Re8 35. Bd2 Nb5 36. Rxe7+ Rxe7 37. Rxe7+ Kxe7 38. Bb4+ Kf6 39. Kg4 Kg6 40.
g3 h5+ 41. Kh3 Rxf3 42. Kg2 Re3 43. a4 Rxe4 44. Be7 Rxa4 45. Kf3 Kf5 46. h4 g4+
47. Kf2 Ke4 48. Bg5 Ra2+ 49. Ke1 Kf3 50. Bf6 e4 51. Be5 e3 52. Bf4 Ra1# 0-1